Autoritarismo, mercados y conocimiento: evaluación de las políticas de educación superior en Chile en los 80
Bewaard in:
| Hoofdauteur: | |
|---|---|
| Formaat: | Boek |
| Taal: | Spaans |
| Gepubliceerd in: |
Santiago
CIDE
1989
|
| Onderwerpen: | |
| Tags: |
Voeg label toe
Geen labels, Wees de eerste die dit record labelt!
|
MARC
| LEADER | 00000nam a2200000 a 4500 | ||
|---|---|---|---|
| 001 | UCW4782 | ||
| 003 | CL-VaPUC | ||
| 008 | 900814e19890000CL |||||||||||||||||spa|d | ||
| 082 | 0 | 4 | |a 378.83 |b COX |2 21 |
| 100 | 0 | |a Cox, Cristián |e author |9 309585 | |
| 245 | 1 | 0 | |a Autoritarismo, mercados y conocimiento: evaluación de las políticas de educación superior en Chile en los 80 |
| 300 | |a 39 p | ||
| 942 | |c BK | ||
| 945 | |d 19900814 00:00:00 | ||
| 260 | |a Santiago |b CIDE |c 1989 | ||
| 650 | 7 | |a EDUCACION SUPERIOR 1980- |2 CL-VaPUC |9 309586 | |
| 651 | 7 | |a CHILE |2 CL-VaPUC |9 309587 | |
| 583 | |a last modification |c 19900814 00:00:00 |k Rodrigo Vera | ||
| 999 | |c 218403 |d 218401 | ||
| 952 | |0 0 |1 0 |4 0 |6 378_830000000000000_COX_1989 |7 0 |8 P |9 207906 |a BIBEDU |b BIBEDU |c BIBEDU_PB |d 2019-11-15 |i 2757524 |o 378.83 COX 1989 |p 2757524 |r 2019-11-15 |w 2019-11-15 |y BK |k EDU | ||
| 952 | |0 0 |1 0 |4 0 |6 378_830000000000000_COX_1989 |7 0 |8 P |9 207907 |a BIBEDU |b BIBEDU |c BIBEDU_PB |d 2019-11-15 |i 2757532 |o 378.83 COX 1989 |p 2757532 |r 2019-11-15 |w 2019-11-15 |y BK |k EDU | ||